000 01681nam a2200361 c 4500
003 BLK
005 20180422093830.0
008 180412b bul|||||r ||||||| ||bul||
010 _aKNG00008463000
020 _a954-8127-14-8
_bиздат.: Одисей
040 _aBLK
041 _aBUL
_cBUL
080 _aРефлексотерапия. Масажи и механотерапия - Ритмичен и вибрационен масаж, термомасаж, електромасаж
_b615.82
_x(035)
_z615.82(035)
080 _aИзточни бойни изкуства - Джиу-джиц, джудо, кит. борба, айкидо, самбо, карате, сумо и др.
_b796.85
_x(035)
_z796.85(035)
100 1 _aЯн Дзюн Мин
_eпърви автор
_9364046
700 1 _aМинчев, Свилен
_eпрев. от англ.
_9252293
139 _aЯн Дзюн Мин
_bЯ 53
245 1 0 _aЦи Гун - здраве и бойни изкуства
_cЯн Дзюн Мин; прев. от англ. Свилен Минчев.
257 _aKIT
260 София
_bОдисей
_c1995
300 _a156 с.
_bс ил., сх.
_c20 см
380 _a61
500 _aОриг. загл. Chi Kung - Health Martial Arts / Yang Jwing Mind. - 500 тир.
650 4 _aБойни изкуства, източни - наръчници и ръководства
_9242795
653 _aбойни изкуства
653 _aизточни бойни изкуства
653 _aръководства
852 _aЦб 181868
856 4 _qpdf
_u
856 4 _qpdf
_u
942 _cKNG
_n0
944 _aCR
_c15.01.2003
_kМилена_Ачева
944 _aED
_c06.02.2013
_k
999 _c7190
_d7190